000 00625nam a2200229Ia 4500
003 OSt
005 20221006164411.0
006 a|||||r|||| 00| 0
007 ta
008 221006b |||||||| |||| 00| 0 hin d
024 _a6,524
037 _cTextual
040 _aFML
_cFML
_bhin
041 _2hin
_ahin
082 _aNR44,552, Q3
100 _aSayema Bano Au.
_9677375
245 0 _aSamkaleen Hindi Gazal
_b Pahachan Aur Parakh
260 _aVaranasi
_bKala Prakashan India
_c2013
300 _a436
_ccm.
942 _hNR44,552, Q3
_cTEXL
_2CC
999 _c1117139
_d1117139